000 01263nam0a22002891 4500
001 rc\869197
005 20041129093307.5
035 _a(NLR Aleph) 006047916
090 _a4773963
_c4773963
100 _a20041129d1983 u |0rusy50 ca
101 0 _arus
102 _aRU
105 _ay |||||||||
200 1 _aТехника, формы и основы организации бухгалтерского учета
_eУчеб. пособие
_f[Принимали участие Е. Аверкович, С. Обретенов (НРБ), Новиченко П.П. (СССР) и др.]
_gПод ред. Карбышева А.Д.
210 _aМ.
_cБ. и.
_d1983
215 _a93 с.
_d20
300 _aАвт. указаны на обороте тит. л.
300 _aВ надзаг.: Моск. фин. ин-т
702 1 _aАверкович
_bЕ.
_4570
702 1 _aНовиченко
_bП. П.
_gПетр Парамонович
_4570
702 1 _aКарбышев
_bА. Д.
_f1929-1987
_gАлексей Дмитриевич
_3RU\NLR\AUTH\770276084
_4340
712 0 2 _aМосковский финансовый ин-т
_3RU\NLR\AUTH\8820775
801 0 _aRU
_bNLR
_gpsbo
801 1 _aRU
_bELAR
_2rusmarc
852 _aNLR
_j84-4/2884
942 _cBOOK
980 _aNB